000 00478nam a2200181Ia 4500
001 1052
005 20260306140603.0
008 260306t2005||||xx |||||||||||||| ||spa||
041 _aESP
082 _a180
_bH447
100 _aFraile, Guillermo
_eAUT
245 0 _aHistoria de la filosofía:
_bfilosofía judía y musulmana. Alta escolástica: desarrollo y decadencia
260 _c2005
300 _a
_c20 cm.
650 _aGEN
654 _aCHU
942 _cLIB
_dJUS
_fJUS
_2ddc
_n
999 _c1052
_d1052